Caribbean Map Quiz - Statistics

General Stats
  • This quiz has been taken 144 times
  • The average score is 17 of 27
Answer Stats
Answer % Correct
Dominica
93%
Cuba
91%
Haiti
90%
Antigua and Barbuda
88%
Dominican Republic
87%
Jamaica
87%
The Bahamas
86%
Saint Kitts and Nevis
85%
Saint Lucia
84%
Barbados
82%
Saint Vincent and the Grenadines
81%
Grenada
78%
Trinidad and Tobago
75%
Aruba (NE)
66%
British Virgin Islands (UK)
58%
Puerto Rico (US)
55%
United States Virgin Islands
52%
Saint Martin (FR/NE)
50%
Anguilla (UK)
49%
Martinique (FR)
48%
Cayman Islands (UK)
44%
Montserrat (UK)
42%
Bonaire (NE)
38%
Saba (NE)
19%
Saint Barthélemy (FR)
15%
Sint Eustatius (NE)
12%
Curaçao (NE)
2%
No matching quizzes found
Score Distribution
Percent of People with Each Score
Percentile by Number Answered
Your Score History
You have not taken this quiz